000 00719nam a2200241 i 4500
001 bgj
100 1 _aSTEPHENS, Mary
245 1 0 _aNew Proficiency Reading /
_cMary Stephens.
260 _aHarlow, Essex :
_bLongman,
_c2004.
300 _a175 pp :
_bill. ;
_c29 cm.
490 1 _aLongman Exam Skills
650 9 _aEnglish language
_xExaminations, questions, etc.
650 9 _aEnglish language
_xAssessment tests
650 9 _aEnglish language
_xProficiency tests
650 9 _aEnglish language
_xReading |Proficiency tests
830 _aLongman Exam Skills
020 _a0582451000
040 _cBPK
041 0 _aeng
920 _a0-582-45100-0
942 _cKS
008 s uk f |000 0 eng
999 _c48761
_d48761
856 _uhttp://koha.tu.koszalin.pl/cgi-bin/koha/opac-detail.pl?biblionumber=48761
_yKatalog online BPK